[Event "Bryansk Zilberstein Memorial 6th"]
[Site "Bryansk"]
[Date "2024.06.07"]
[Round "1"]
[White "Belousov, Danila"]
[Black "Mityugin, Vladimir Ign"]
[Result "1-0"]
[WhiteElo "2255"]
[BlackElo "1651"]
[PlyCount "45"]
[EventDate "2024.06.07"]
[EventType "swiss (rapid)"]
[EventRounds "11"]
[EventCountry "RUS"]
[SourceTitle "CBM 220 Extra"]
[Source "ChessBase"]
[SourceDate "2024.07.31"]
[SourceVersion "1"]
[SourceVersionDate "2024.07.31"]
[SourceQuality "1"]

1. d4 Nf6 2. Nc3 g6 3. e4 d6 4. Bg5 Bg7 5. Qd2 0-0 6. f4 a6 7. Nf3 c5 8. dxc5 dxc5 9. Qxd8 Rxd8 10. e5 Nd5 11. 0-0-0 f6 12. Nxd5 Rd7 13. Bc4 Kf8 14. exf6 exf6 15. Nxf6 Bxf6 16. Bxf6 Nc6 17. Ne5 Rxd1+ 18. Rxd1 Nd4 19. c3 b5 20. cxd4 bxc4 21. dxc5 Bf5 22. c6 Rc8 23. c7 1-0